<?xml version="1.0" encoding="UTF-8"?>
<marc:record xmlns:marc="http://www.loc.gov/MARC21/slim">
   <marc:leader>00000nam a2200000 a 4500</marc:leader>
   <marc:datafield ind1="1" ind2=" " tag="100">
      <marc:subfield code="a">Scheffner, Robert</marc:subfield>
      <marc:subfield code="4">aut</marc:subfield>
      <marc:subfield code="e">Verfasser/-in</marc:subfield>
   </marc:datafield>
   <marc:datafield ind1=" " ind2=" " tag="653">
      <marc:subfield code="a">Halloween</marc:subfield>
   </marc:datafield>
   <marc:datafield ind1=" " ind2=" " tag="653">
      <marc:subfield code="a">Gefühle (Themen- und problemorientierte Bilderbücher für Kinder)</marc:subfield>
   </marc:datafield>
   <marc:datafield ind1="0" ind2="0" tag="245">
      <marc:subfield code="a">Rufus ist sauer</marc:subfield>
   </marc:datafield>
   <marc:datafield ind1=" " ind2="1" tag="264">
      <marc:subfield code="b">Anette Betz Verlag</marc:subfield>
      <marc:subfield code="c">2023</marc:subfield>
   </marc:datafield>
   <marc:datafield ind1="1" ind2=" " tag="520">
      <marc:subfield code="a">Rufus hat ein Problem: Halloween naht und der kleine Kürbis sieht einfach – oh Schreck – SÜSS aus! Er setzt alles daran, schrecklich gruselig zu werden. Mindestens so gruselig wie der kopflose Reiter! Doch alle seine Pläne klappen nicht. Kein Wunder, dass er langsam richtig sauer wird. Doch als er schon aufgeben will, läuft ihm der kopflose Reiter selbst über den Weg und die beiden beschließen, dass sie als Grusel-Duo die Welt gehörig in Schrecken versetzen können. Doppelt gruselt schließlich besser.</marc:subfield>
   </marc:datafield>
   <marc:datafield ind1=" " ind2=" " tag="020">
      <marc:subfield code="a">9783219119992</marc:subfield>
      <marc:subfield code="9">9783219119992</marc:subfield>
   </marc:datafield>
</marc:record>
